Amazing magnetism / (Record no. 1001)
[ view plain ]
| 000 -LEADER | |
|---|---|
| fixed length control field | 01096nam a22003017a 4500 |
| 005 - DATE AND TIME OF LATEST TRANSACTION | |
| control field | 20250213155411.0 |
| 020 ## - INTERNATIONAL STANDARD BOOK NUMBER | |
| International Standard Book Number | 0439314321 (pbk.) |
| 040 ## - CATALOGING SOURCE | |
| Original cataloging agency | DAJ |
| Transcribing agency | DAJ |
| Modifying agency | DLC |
| Language of cataloging | eng |
| 050 00 - LIBRARY OF CONGRESS CALL NUMBER | |
| Classification number | PZ7.M26572 |
| 082 ## - DEWEY DECIMAL CLASSIFICATION NUMBER | |
| Classification number | 538 |
| 100 1# - MAIN ENTRY--PERSONAL NAME | |
| Personal name | Carmi, Rebecca. |
| 245 10 - TITLE STATEMENT | |
| Title | Amazing magnetism / |
| Statement of responsibility, etc. | [written by Rebecca Carmi ; illustrations by John Speirs]. |
| 260 ## - PUBLICATION, DISTRIBUTION, ETC. | |
| Place of publication, distribution, etc. | New York : |
| Name of publisher, distributor, etc. | Scholastic, |
| Date of publication, distribution, etc. | 2001. |
| 300 ## - PHYSICAL DESCRIPTION | |
| Extent | 76 pages : |
| Other physical details | illustrations ; |
| Dimensions | 20 cm. |
| 490 0# - SERIES STATEMENT | |
| Series statement | The Magic school bus, a science chapter book ; |
| Volume/sequential designation | Book 12 |
| 500 ## - GENERAL NOTE | |
| General note | "Based on The Magic School Bus books written by Joanna Cole and illustrated by Bruce Degen"--T.p. verso. |
| 505 ## - FORMATTED CONTENTS NOTE | |
| Formatted contents note | P <br/> |
| 520 ## - SUMMARY, ETC. | |
| Summary, etc. | Mrs. Frizzle's class challenges Mr. Order's class to a science contest, where the topic of the contest is magnetism. |
| 521 ## - TARGET AUDIENCE NOTE | |
| Target audience note | 630<br/> |
| Source | Lexile <br/> |
| 521 ## - TARGET AUDIENCE NOTE | |
| Target audience note | P<br/> |
| Source | Raz-Plus <br/> |
| 650 #0 - SUBJECT ADDED ENTRY--TOPICAL TERM | |
| Topical term or geographic name entry element | Magnetism |
| Form subdivision | Fiction. |
| 650 #0 - SUBJECT ADDED ENTRY--TOPICAL TERM | |
| Topical term or geographic name entry element | Magnets |
| Form subdivision | Fiction. |
| 655 #7 - INDEX TERM--GENRE/FORM | |
| Genre/form data or focus term | Children's stories. |
| Source of term | lcsh |
| 700 1# - ADDED ENTRY--PERSONAL NAME | |
| Personal name | Speirs, John. |
| Titles and other words associated with a name | illustrator. |
| 906 ## - LOCAL DATA ELEMENT F, LDF (RLIN) | |
| a | 7 |
| b | cbc |
| c | copycat |
| d | 2 |
| e | ncip |
| f | 20 |
| g | y-genrareb |
| 942 ## - ADDED ENTRY ELEMENTS (KOHA) | |
| Source of classification or shelving scheme | Dewey Decimal Classification |
| Koha item type | Books |
| Suppress in OPAC | No |
| 999 ## - | |
| -- | 1001 |
| -- | 1001 |
| Withdrawn status | Lost status | Source of classification or shelving scheme | Damaged status | Not for loan | Collection | Home library | Current library | Shelving location | Date acquired | Total Checkouts | Full call number | Barcode | Date last seen | Date last checked out | Copy number | Price effective from | Koha item type | Date due |
|---|---|---|---|---|---|---|---|---|---|---|---|---|---|---|---|---|---|---|
| Dewey Decimal Classification | Non-Fiction | Footprints International School Library Network Toul Kork Campus | Footprints International School Library Network Toul Kork Campus | TK Primary Library Room(4th Floor), Bookcase 3&4, Shelves 17-32, Yellow Books | 07/18/2023 | 1 | CAR 538 PZ7.M26572 | FISTK01900 | 12/08/2025 | 12/08/2025 | 1 | 07/18/2023 | Books | |||||
| Dewey Decimal Classification | Non-Fiction | Footprints International School Library Network Toul Kork Campus | Footprints International School Library Network Toul Kork Campus | TTP Primary Yellow Bookshelves | 07/18/2023 | CAR 538 PZ7.M26572 | FISTK01901 | 05/31/2024 | 2 | 07/18/2023 | Books | |||||||
| Dewey Decimal Classification | Non-Fiction | Footprints International School Library Network Toul Kork Campus | Footprints International School Library Network Toul Kork Campus | TTP Primary Yellow Bookshelves | 02/13/2025 | CAR 538 PZ7.M26572 | 2025-0554 | 02/13/2025 | 5 | 02/13/2025 | Books | |||||||
| Dewey Decimal Classification | Non-Fiction | Footprints International School Library Network Toul Kork Campus | Footprints International School Library Network Toul Tom Poung Campus | TTP Primary Yellow Bookshelves | 02/13/2025 | 2 | CAR 538 PZ7.M26572 | 2025-0552 | 10/08/2025 | 09/17/2025 | 3 | 02/13/2025 | Books | |||||
| Dewey Decimal Classification | Non-Fiction | Footprints International School Library Network Toul Kork Campus | Footprints International School Library Network Toul Tom Poung Campus | TTP Primary Yellow Bookshelves | 02/13/2025 | 1 | CAR 538 PZ7.M26572 | 2025-0553 | 09/03/2025 | 09/03/2025 | 4 | 02/13/2025 | Books | 09/17/2025 |
